| 000 | 01354nam a2200241Ia 4500 | ||
|---|---|---|---|
| 003 | OSt | ||
| 005 | 20250702115828.0 | ||
| 008 | 210423s2007 xx 000 0 und d | ||
| 020 | _a9781412929837 | ||
| 040 | _cAL | ||
| 041 | _aeng | ||
| 082 |
_a070.1 _223 _bDEVM |
||
| 100 |
_aEoin Devereux _979005 |
||
| 245 |
_aMedia studies _b: key issues and debates |
||
| 260 |
_aNew Delhi _bSage Publications _c2007 |
||
| 300 |
_axxii,391 _bPB |
||
| 365 |
_b1803 _cINR |
||
| 520 | _aBringing together a range of renowned and newly emerging scholars in the field, including a Preface by Denis McQuail, this book examines eighteen key issues within contemporary media studies. Written in an accessible student-friendly style, Media Studies: Key Issues and Debates is an authoritative landmark text for undergraduate students and teachers alike. Each chapter begins with a concise definition of the concept(s) under investigation, followed by a discussion of the current state of play within research on the specific area. Chapters contain case-studies and illustrative materials from Europe, North America, Australia, and beyond. Each chapter concludes with annotated notes, which guide readers in terms of future study. | ||
| 650 |
_aGeneral _979006 |
||
| 650 |
_aMass Media _979007 |
||
| 906 | _adebates. ; issues ; key ; Media ; studies | ||
| 942 |
_2ddc _cBK |
||
| 999 |
_c156228 _d156228 |
||